| 000 | 00594nam a2200193 i 4500 | ||
|---|---|---|---|
| 001 | 28431 | ||
| 003 | ES-MaACL | ||
| 005 | 20230906153843.0 | ||
| 007 | t| | ||
| 008 | 030117s1981 sp ||||1| spa d | ||
| 100 | 1 |
_aBar Cendón, Antonio. _925271 |
|
| 245 | 1 | 3 |
_aLa CNT en los años rojos _b: (del sindicalismo revolucionario al anarco sindicalismo, 1910-1926) / _cAntonio Bar. |
| 260 |
_aMadrid : _bAkal, _c[1981] |
||
| 300 |
_a831 p. ; _c22 cm. |
||
| 490 | 1 | _aAkal universitaria | |
| 830 | 0 |
_aAkal universitaria _9177901 |
|
| 852 |
_aES-MaACL _jL-1831 _bR.102462 |
||
| 999 |
_c28431 _d28431 |
||